000 01022cab a2200217 4500
001 L129697
008 050511n2005 000 0 eng u
035 _a(Sirsi) u129697
100 _aPirie, Sarah
245 _aPublic speaking rights and planning committees
260 _c2005
490 _aScottish Planning and Environmental Law
_v(108) April 2005, 31-34(4)
520 _aExamines the current practices of Scottish planning authorities and whether public speaking at planning committee hearings could offer third parties any benefits. References.
650 _aCONVENTION FOR THE PROTECTION OF HUMAN RIGHTS AND FUNDAMENTAL FREEDOMS ART 6(1)
650 _aPAN41
650 _aR V SOS TRANSPORT, LOCAL GOVERNMENT AND THE REGIONS EX P ADLARD AND OTHERS
650 _aR V SOS ENVIRONMENT, TRANSPORT AND THE REGIONS EX P ALCONBURY DEVELOPMENTS
650 _aSPP1
690 _aENVIRONMENTAL AND LAND CONSULTANCY-PLANNING AND DEVELOPMENT-DEVELOPMENT CONTROL-PLANNING APPLICATIONS-PLANNING APPEALS
942 _n0
999 _c75220
_d75220